Organizing space activities for world needs.

Saved in:
Bibliographic Details
Corporate Author: International Academy of Astronautics
Other Authors: Steinhoff, Ernst A., 1908- (ed.)
Format: Book
Language:English
Published: Oxford, New York, Pergamon Press [1971]
Edition:[1st ed.]
Subjects:
LEADER 01310nam a2200313 4500
001 c000352828
003 CARM
005 00000000000000.0
008 711122s1971 enka b 10000 eng
019 1 |a 179231  |5 LACONCORD2021 
020 |a 0080068510 
035 |a (OCoLC)209769  |5 LACONCORD2021 
041 0 |a engfre 
050 0 0 |a TL788.4  |b .O73 1971 
245 0 0 |a Organizing space activities for world needs.  |c Edited by Ernst A. Steinhoff. 
250 |a [1st ed.] 
260 |a Oxford,  |a New York,  |b Pergamon Press  |c [1971] 
300 |a xii, 490 p.  |b illus.  |c 26 cm. 
500 |a Proceedings of the theme sessions organized by the International Academy of Astronautics at the 19th International Astronautical Congress, New York, October 1968. 
500 |a English or French. 
504 |a Includes bibliographical references. 
650 0 |a Astronautics  |x International cooperation  |x Congresses. 
650 0 |a Artificial satellites  |x Congresses. 
700 1 |a Steinhoff, Ernst A.,  |d 1908-  |e ed. 
710 2 |a International Academy of Astronautics. 
852 8 |b CARM  |h A1:AM07E0  |i C10006  |p 0425332  |f BK 
082 0 4 |a 309.2/23 
999 f f |i ef0797e4-55dd-5bd1-ac16-d62e14e3a055  |s b8404e93-dd9e-5214-a8bb-7499e70899b9 
952 f f |p Can circulate  |a CAVAL  |b CAVAL  |c CAVAL  |d CARM 1 Store  |e C10006  |f A1:AM07E0  |h Other scheme  |i book  |m 0425332